000 00698nam a2200241 i 4500
003 DO-SdBNP
005 20250828140354.0
007 ta
008 250828s1999 dr 000 j spa d
040 _aDO-SdBNP
_bspa
_cBNPHU
_erda
082 _axxx
_bA473h
_222
100 1 _aAlvarez, Juana
_eautor
_920516
110 _932074
245 1 0 _aHablar bien :
_bel camino hacia la distinción /
_cJuana Alvarez
264 1 _aSanto Domingo :
_bEditora Centenario,
_c1999
300 _a167 páginas,
_c24 cm.
336 _2rdacontent
_atexto
_btxt
337 _2rdamedia
_asin mediación
_bn
338 _2rdacarrier
_avolumen
_bnc
590 _aInventariado, 2025/DG
910 _aDG
942 _2ddc
_cLBS1
999 _c59844
_d59844